Mois du calendrier hégirien - Statistiques

Statistiques générales
  • Ce quiz a été pris 48 fois
  • Le résultat moyen est 5 sur 12
Statistiques - réponses
Hint Réponse % Correct
9 Ramadan
94%
1 Muharram
69%
10 Chawwal
56%
7 Rajab
56%
2 Safar
56%
12 Dhul-Hijja
50%
8 Cha'bane
38%
11 Dhul-Qi'da
25%
5 Jumada al Awwal
19%
4 Rabi' al Thani
19%
3 Rabi' al Awal
13%
6 Juamada al Thani
0%
Aucun quiz correspondant
Distribution des résultats
% des personnes avec chaque résultat
Percentile par nombre de réponses
Votre historique - résultats
Vous n’avez pas pris ce quiz